[Event "ch-FRA Gp A"]
[Site "Marsailles FRA"]
[Date "2001.08.13"]
[Round "1"]
[White "Koch,JR"]
[Black "Lautier,J"]
[Result "1/2-1/2"]
[WhiteElo "2518"]
[BlackElo "2675"]

1.e4 c5 2.Nf3 Nc6 3.d4 cxd4 4.Nxd4 e6 5.Nc3 Qc7 6.Be2 a6 7.O-O Nf6 8.Be3 Be7
9.f4 d6 10.Qe1 O-O 11.Qg3 Nxd4 12.Bxd4 b5 13.a3 Bb7 14.Rae1 Rad8 15.Kh1 Bc6
16.Bd3 Ne8 17.Qh3 Qd7 18.Re3 f6 19.f5 e5 20.Qh5 exd4 21.Rh3 h6 22.Qg6 d5
23.Rxh6 Bd6  1/2-1/2

[Event "ch-FRA Gp B"]
[Site "Marsailles FRA"]
[Date "2001.08.13"]
[Round "1"]
[White "Apicella,M"]
[Black "Bacrot,E"]
[Result "1/2-1/2"]
[WhiteElo "2524"]
[BlackElo "2653"]

1.e4 c5 2.Nf3 Nc6 3.d4 cxd4 4.Nxd4 e6 5.Nc3 d6 6.Be2 Nf6 7.O-O Be7 8.Kh1 Bd7
9.Ndb5 Qb8 10.Bf4 Ne5 11.Bg3 a6 12.Nd4 Nc6 13.f4 Qa7 14.Bf2 Qb8 15.Bg3 Qa7
16.Bf2 Qb8  1/2-1/2

[Event "ch-FRA Gp B"]
[Site "Marsailles FRA"]
[Date "2001.08.13"]
[Round "1"]
[White "Chabanon,JL"]
[Black "Fressinet,L"]
[Result "0-1"]
[WhiteElo "2511"]
[BlackElo "2606"]

1.e4 c5 2.Nc3 e6 3.Nge2 Nc6 4.d4 cxd4 5.Nxd4 Qc7 6.Be3 a6 7.f4 b5 8.Nb3 d6
9.Bd3 Nf6 10.Qf3 Bb7 11.O-O Be7 12.a4 b4 13.Nd1 Nd7 14.Nf2 Bf6 15.Rab1 g6
16.Qh3 Bg7 17.f5 exf5 18.exf5 Nce5 19.Ne4 Nxd3 20.cxd3 Bxe4 21.dxe4 O-O 22.Rbc1 Qb7
23.fxg6 hxg6 24.Rf4 Ne5 25.Bd4 Rac8 26.Rcf1 Rc2 27.Qg3 Re2 28.Qh4 Qc6 29.Nc1 Rc2
30.Nb3 Qc4 31.Qh3 Re2 32.Rh4 Qd3 33.Qxd3 Nxd3 34.Bxg7 Kxg7 35.Rd1 Ne5 36.Rxd6 Rxb2
37.Rh3 Rc8 38.Rd5 Ng4 39.Nd2 Rxd2  0-1

[Event "ch-EST Women"]
[Site "Puhajarve EST"]
[Date "2001.08.13"]
[Round "6"]
[White "Tsiganova,M"]
[Black "Fomina,T"]
[Result "1-0"]
[WhiteElo "2266"]
[BlackElo "2269"]

1.e4 c5 2.Nf3 e6 3.d4 cxd4 4.Nxd4 Nc6 5.Nc3 d6 6.g3 Bd7 7.Bg2 Nxd4 8.Qxd4 Bc6
9.Be3 Nf6 10.h3 Be7 11.Qd2 Qc7 12.O-O b6 13.Rfe1 Qb7 14.Bg5 Rd8 15.Rad1 O-O
16.a4 a6 17.Qe2 b5 18.axb5 axb5 19.b4 h6 20.Bf4 d5 21.e5 Ne4 22.Nxe4 dxe4
23.c3 Rxd1 24.Rxd1 Rd8 25.Be3 Bd5 26.Ra1 Bf8 27.Kh2 Qc6 28.Bd4 Be7 29.h4 Kh7
30.Ra7 Re8 31.Qe3 Kg8 32.Qf4 e3 33.Bxd5 Qxd5 34.Bxe3 f5 35.Qd4 Qc6 36.Qd7 Qxd7
37.Rxd7 Kf8 38.Rb7 Ra8 39.Rxb5 Ra2 40.Rb8+ Kf7 41.Rb7 Ke8 42.Kg2 g5 43.hxg5 hxg5
44.c4 Rc2 45.c5 Rc4 46.Kf3 Kd8 47.Ke2 f4 48.gxf4 gxf4 49.Bd2 Re4+ 50.Kf3 Rxe5
51.Bxf4 Re1 52.Be3 Rb1 53.b5 Bf6 54.c6 Rb3 55.b6 Rc3 56.Rf7 Be5 57.Ke4 Bh2
58.Rh7 Bg1 59.c7+ Kc8 60.Rh8+  1-0

[Event "TCh-ESP Div 2"]
[Site "Vila Real ESP"]
[Date "2001.08.13"]
[Round "1"]
[White "Pavia Miralles,J"]
[Black "Cramling,P"]
[Result "1-0"]
[WhiteElo "2280"]
[BlackElo "2510"]

1.e4 c5 2.Nf3 e6 3.Nc3 Nc6 4.d4 cxd4 5.Nxd4 Qc7 6.g3 a6 7.Bg2 Nf6 8.O-O Bc5
9.Nb3 Ba7 10.Bf4 Ne5 11.Qe2 d6 12.Rad1 h6 13.a4 Bd7 14.h3 Rb8 15.a5 O-O 16.Kh1 Rfd8
17.Bc1 Nc4 18.f4 Be8 19.g4 Nxa5 20.Nxa5 Qxa5 21.g5 hxg5 22.fxg5 Nh7 23.Qg4 Nf8
24.h4 b5 25.h5 b4 26.Ne2 Rbc8 27.g6 Rd7 28.Nf4 Rxc2 29.gxf7+ Rxf7 30.Ng6 Rc5
31.e5 Nxg6 32.Rxf7 Rxe5 33.hxg6 Rh5+ 34.Bh3 Bc6+ 35.Kh2 Qe5+ 36.Bf4 Qe4 37.Qxh5 Qc2+
38.Rd2 Qb1 39.Qh7+  1-0

[Event "TCh-ESP Div 2"]
[Site "Vila Real ESP"]
[Date "2001.08.13"]
[Round "1"]
[White "Conquest,S"]
[Black "Iglesias,Jo"]
[Result "1-0"]
[WhiteElo "2565"]
[BlackElo "2362"]

1.e4 c5 2.Nc3 Nc6 3.Nf3 e6 4.d4 cxd4 5.Nxd4 a6 6.Be3 Nf6 7.Bd3 Qc7 8.O-O Ne5
9.h3 Bc5 10.Be2 d6 11.Kh1 b6 12.f4 Ng6 13.f5 Ne5 14.fxe6 fxe6 15.Bh5+ Ng6
16.a3 O-O 17.Bxg6 hxg6 18.Qd3 Bd7 19.Nde2 a5 20.e5 Bxe3 21.exf6 Bh6 22.f7+ Rxf7
23.Rxf7 Kxf7 24.Qf3+  1-0

[Event "TCh-ESP Div 2"]
[Site "Vila Real ESP"]
[Date "2001.08.13"]
[Round "1"]
[White "Paredes Galan,A"]
[Black "Valles Moreno,I"]
[Result "1-0"]
[WhiteElo "2335"]
[BlackElo "2181"]

1.e4 c5 2.Nf3 Nc6 3.Nc3 e6 4.d4 cxd4 5.Nxd4 a6 6.g3 Nge7 7.Nb3 Na5 8.Bg2 Nec6
9.O-O Be7 10.Re1 O-O 11.Qe2 d6 12.Be3 Bd7 13.Rad1 Qc7 14.Bf4 Rfd8 15.Nxa5 Nxa5
16.e5 Nc4 17.exd6 Bxd6 18.Rd4 Bb5 19.a4 Bxf4 20.Rxf4 Rd2 21.Qf3 Be8 22.Qxb7 Rc8
23.Qxc7 Rxc7 24.Nd5 Rxd5 25.Bxd5 Nxb2 26.Bb3 Rb7 27.Rd4 Kf8 28.f4 g6 29.Kf2 a5
30.Ke3 Bc6 31.Kd2 Bd5 32.Kc3  1-0

[Event "7th Stage Russian Cup"]
[Site "Togliatty RUS"]
[Date "2001.08.14"]
[Round "7"]
[White "Kurnosov,I"]
[Black "Vorobiov,E"]
[Result "1-0"]
[WhiteElo "2361"]
[BlackElo "2503"]

1.e4 c5 2.Nf3 Nc6 3.d4 cxd4 4.Nxd4 e6 5.Nc3 Qc7 6.Ndb5 Qb8 7.Be3 a6 8.Bb6 axb5
9.Nxb5 Bb4+ 10.c3 Ba5 11.Nc7+ Qxc7 12.Bxc7 Bxc7 13.Qg4 Kf8 14.Bd3 Nf6 15.Qe2 d5
16.O-O g6 17.b4 Kg7 18.a4 Rd8 19.Rfb1 e5 20.f3 Be6 21.a5 Bd6 22.a6 bxa6 23.Rxa6 Rxa6
24.Bxa6 d4 25.Bb5 Na7 26.cxd4 exd4 27.Bc4 Nc6 28.Bxe6 fxe6 29.Qb5 Nxb4 30.e5 Nbd5
31.exd6 e5 32.Qc5 Kf7 33.Re1 d3 34.Rd1 Ke6 35.Rxd3 Rxd6 36.Qc8+ Kf7 37.Rb3 Ne7
38.Qc4+ Nfd5 39.Qh4 h5 40.Qe4 Nf4 41.Qe1 Rc6 42.Qxe5 Rc1+ 43.Kf2 Rc2+ 44.Ke1 Nxg2+
45.Kd1 Rc6  1-0

[Event "TCh-ESP Div 2"]
[Site "Vila Real ESP"]
[Date "2001.08.14"]
[Round "2"]
[White "Suarez Pousa,D"]
[Black "Hernandez,Gi"]
[Result "0-1"]
[WhiteElo "2402"]
[BlackElo "2567"]

1.e4 c5 2.Nc3 e6 3.Nf3 Nc6 4.d4 cxd4 5.Nxd4 Qc7 6.g3 a6 7.Bg2 Nf6 8.Be3 d6
9.O-O Be7 10.f4 Na5 11.g4 Nc4 12.Bc1 h6 13.h3 Bd7 14.Nce2 d5 15.b3 Na5 16.e5 Ne4
17.c4 O-O 18.cxd5 exd5 19.Bb2 Nc6 20.Nf5 Bxf5 21.gxf5 Rad8 22.f6 gxf6 23.Ng3 Nxg3
24.Qg4+ Kh7 25.Qxg3 f5 26.Qd3 Qd7 27.Kh2 Bc5 28.Rad1 Nb4 29.Qb1 Qe6 30.Bf3 Nc6
31.Qc2 b6 32.a3 Be3 33.Bc1 Bxc1 34.Qxc1 Ne7 35.Qc2 Ng6 36.Rd4 Nxe5 37.Bxd5 Rxd5
38.Rxd5 Nf3+ 39.Rxf3 Qxd5 40.Rc3 Rg8 41.Rg3 Qe4 42.Qd2 Rc8 43.Rg2 b5 44.b4 Rc4
45.Rf2 Rd4 46.Qc3 Rd1 47.Qf3 Re1 48.Qc3 Rh1+ 49.Kg3 Rg1+ 50.Kh4 Qe7+ 51.Kh5 Rg5+  0-1

[Event "7th Stage Russian Cup"]
[Site "Togliatty RUS"]
[Date "2001.08.15"]
[Round "8"]
[White "Rodchenkov,V"]
[Black "Kharashkina,B"]
[Result "1-0"]
[WhiteElo "2272"]
[BlackElo "2186"]

1.e4 c5 2.Nf3 Nc6 3.Nc3 e6 4.d4 cxd4 5.Nxd4 Nf6 6.Nxc6 bxc6 7.e5 Nd5 8.Ne4 Qc7
9.f4 c5 10.c4 Nb6 11.Bd3 Bb7 12.Qe2 Qc6 13.b3 Be7 14.Bb2 O-O-O 15.O-O-O Rhf8
16.Qh5 f5 17.exf6 gxf6 18.Qxh7 Rde8 19.Qh4 d5 20.Nd2 dxc4 21.Nxc4 Qxg2 22.Nxb6+ axb6
23.Rhg1 Rh8 24.Qe1 Qc6 25.Qe2 Reg8 26.Bc4 Rxg1 27.Rxg1 Qe4 28.Bxe6+ Kb8 29.Qxe4 Bxe4
30.h3 Bd6 31.Rf1 Bg2 32.Rf2 Bxh3 33.Bxh3 Rxh3 34.Bxf6 Kc7 35.Kc2 Kd7 36.a4 Bc7
37.Bc3 Ke6 38.f5+ Kf7 39.Rd2 Rh2 40.Rxh2 Bxh2 41.Kd3 Ke7 42.Kc4 Kd6 43.Kb5 Bg1
44.Bf6 Kd7 45.Be5 Be3 46.f6 Ke6 47.Bc7 Bd4 48.Bxb6 Bxf6 49.Kc6  1-0

[Event "Lost Boys Open"]
[Site "Amsterdam NED"]
[Date "2001.08.16"]
[Round "6"]
[White "L'Ami,E"]
[Black "Krnic,Z"]
[Result "1/2-1/2"]
[WhiteElo "2275"]
[BlackElo "2389"]

1.e4 c5 2.Nf3 Nc6 3.d4 cxd4 4.Nxd4 e6 5.Nc3 a6 6.Be2 Nge7 7.Bf4 Nxd4 8.Qxd4 Nc6
9.Qd2 b5 10.O-O f6 11.Rad1 Be7 12.Nd5 Ne5 13.Nxe7 Qxe7 14.Bxe5 fxe5 15.Qc3 Qg5
16.Qc5 Bb7 17.f4 Qf6 18.fxe5 Qe7 19.Qd4 Rc8 20.c3 Qc5 21.Bd3 Rf8 22.Rxf8+ Kxf8
23.Bb1 Ke8 24.Bd3 Rc6 25.Kf1 Qe7 26.Be2 Kd8 27.a4 bxa4 28.Qxa4 Qc5 29.Qd4  1/2-1/2

[Event "Lost Boys Open"]
[Site "Amsterdam NED"]
[Date "2001.08.16"]
[Round "6"]
[White "Nijboer,F"]
[Black "Gustafsson,J"]
[Result "1-0"]
[WhiteElo "2551"]
[BlackElo "2535"]

1.e4 c5 2.Nf3 Nc6 3.d4 cxd4 4.Nxd4 e6 5.Nc3 Qc7 6.Be2 a6 7.O-O Nf6 8.Kh1 Nxd4
9.Qxd4 Bc5 10.Qd3 b5 11.f4 Bb7 12.Bf3 O-O 13.e5 Ne8 14.Bxb7 Qxb7 15.f5 f6
16.Bf4 fxe5 17.Bxe5 Be7 18.fxe6 Rxf1+ 19.Rxf1 dxe6 20.h3 Rc8 21.a3 Qc6 22.Ne4 h6
23.c3 Qd5 24.Qxd5 exd5 25.Ng3 Rd8 26.Nf5 Bf8 27.g4 Rd7 28.Kg2 Nd6 29.Bxd6 Bxd6
30.Rd1 Bc5 31.b4 Bf8 32.Ne3 Re7 33.Kf3 Rc7 34.Nxd5 Rc6 35.Ke4 Re6+ 36.Kd3 h5
37.gxh5 Rh6 38.Rg1 Kh7 39.Rg5 Rc6 40.Rg6 Rxg6 41.hxg6+ Kxg6 42.Nc7 Kf5 43.Nxa6 Bd6
44.Nc5  1-0

[Event "I American Continental"]
[Site "Cali COL"]
[Date "2001.08.16"]
[Round "7"]
[White "Garcia,Gild"]
[Black "Vescovi,G"]
[Result "0-1"]
[WhiteElo "2490"]
[BlackElo "2581"]

1.e4 c5 2.Nf3 e6 3.d4 cxd4 4.Nxd4 Nc6 5.Nc3 Qc7 6.Be3 a6 7.Bd3 Nf6 8.O-O Ne5
9.h3 Bc5 10.Kh1 d6 11.f4 Ng6 12.Qe1 O-O 13.f5 Ne5 14.Qh4 b5 15.Rf3 Nxf3 16.gxf3 Ne8
17.Rg1 g6 18.Rg4 Qb7 19.Qh6 e5 20.Nd5 Bxd4 21.Bxd4 Be6 22.Rh4 f6 23.fxe6 exd4
24.Rg4 Ng7 25.e7 Rf7 26.Qf4 Ne8 27.h4 Rxe7 28.h5 Rg7 29.h6 Rf7 30.Qg3 Kh8
31.Nf4 g5 32.Nd5 Rf8 33.f4 Qf7 34.fxg5 Qh5+ 35.Kg2 fxg5 36.Rxg5 Qxh6 37.Ne7 Nf6
38.e5 Nh5 39.Qg4 Nf4+ 40.Kg3 Nxd3 41.cxd3 dxe5 42.Qh5 Qxg5+ 43.Qxg5 Rg8 44.Nxg8 Rxg8
45.Qxg8+ Kxg8 46.Kg4 e4 47.dxe4 h5+ 48.Kf4  0-1

[Event "Rubinstein Open"]
[Site "Polanica Zdroj POL"]
[Date "2001.08.16"]
[Round "1"]
[White "Kosiorek,M"]
[Black "Piotrowski,L"]
[Result "1/2-1/2"]
[WhiteElo "2339"]
[BlackElo "2121"]

1.e4 c5 2.Nf3 e6 3.d4 cxd4 4.Nxd4 Nc6 5.Nc3 Qc7 6.Be2 a6 7.Be3 Nf6 8.O-O Be7
9.f4 d6 10.Qe1 Nxd4 11.Bxd4 O-O 12.Qg3 b5 13.a3 Bb7 14.Bd3 Bc6 15.Rae1 Rad8
16.Qh3 e5 17.Bf2 Qc8 18.Qxc8 Rxc8 19.Bh4 Rfe8 20.f5 Rcd8 21.Bxf6 Bxf6 22.Rd1 Bg5
23.Rf3 d5 24.exd5 Bxd5 25.Be4 Bxe4 26.Rxd8 Rxd8 27.Nxe4 Bc1 28.b4 Rd4 29.Rc3 Kf8
30.Nf2 e4 31.Kf1 Ke7 32.Rc7+ Rd7 33.Rxd7+ Kxd7 34.Nxe4 Bxa3 35.Nc5+ Kc6 36.Nxa6 Kb6
37.Nc5 Bxb4 38.Nd7+ Kc7 39.Ne5 f6  1/2-1/2

[Event "Rubinstein Open"]
[Site "Polanica Zdroj POL"]
[Date "2001.08.16"]
[Round "1"]
[White "Czarnota,D"]
[Black "Teterev,V"]
[Result "0-1"]
[WhiteElo "2069"]
[BlackElo "2279"]

1.e4 c5 2.Nf3 e6 3.d4 cxd4 4.Nxd4 Nc6 5.Nc3 Qc7 6.Be2 a6 7.O-O Nf6 8.Be3 d6
9.a4 Be7 10.Kh1 O-O 11.f4 Re8 12.Bf3 Bd7 13.Qe1 Na5 14.Qg3 Nc4 15.Bc1 Bf8
16.b3 e5 17.bxc4 exd4 18.Nd5 Nxd5 19.cxd5 Qxc2 20.f5 b5  0-1

[Event "7th Stage Russian Cup"]
[Site "Togliatty RUS"]
[Date "2001.08.16"]
[Round "9"]
[White "Solovjev,N"]
[Black "Vorobiov,E"]
[Result "0-1"]
[WhiteElo "2166"]
[BlackElo "2503"]

1.e4 c5 2.Nf3 e6 3.d4 cxd4 4.Nxd4 Nc6 5.Nc3 Qc7 6.Be3 a6 7.Qd2 Nf6 8.f3 d6
9.g4 Nd7 10.O-O-O Nde5 11.Qe2 Na5 12.f4 Nec4 13.Bf2 Bd7 14.Be1 Rc8 15.Nb1 e5
16.Nb3 Bxg4 17.Qxg4 Ne3 18.Qxc8+ Qxc8 19.Rd2 Nxb3+ 20.axb3 exf4 21.Bd3 Be7
22.Nc3 Bf6 23.Nd5 Nxd5 24.exd5 O-O 25.Rf2 Qc5 26.Rhf1 Qxd5 27.Bd2 b5  0-1

[Event "Lost Boys Open"]
[Site "Amsterdam NED"]
[Date "2001.08.17"]
[Round "7"]
[White "Van den Doel,E"]
[Black "Tregubov,P"]
[Result "1/2-1/2"]
[WhiteElo "2607"]
[BlackElo "2617"]

1.e4 c5 2.Nf3 e6 3.d4 cxd4 4.Nxd4 Nc6 5.Nc3 Qc7 6.Be2 a6 7.O-O Nf6 8.Kh1 Nxd4
9.Qxd4 Bc5 10.Qd3 b5 11.f4 Bb7 12.Bf3 h5 13.Be3 Bxe3 14.Qxe3 Ng4 15.Qd2 Qc5
16.Rad1 Bc6 17.e5 O-O 18.Bxc6 dxc6 19.Ne4 Qe3 20.Rfe1 Rad8 21.Rxe3 Rxd2 22.Rxd2 Nxe3
23.b3 Nd5 24.g3 a5 25.Kg2 b4 26.Kf3 a4 27.Rd4 axb3 28.axb3 Ra8 29.Rc4 Ra6
30.Nf2 Kf8 31.Nd3 Rb6 32.Rc5 Ra6 33.Rc4 Rb6 34.Rc5 Ra6 35.Ke4 Ke7 36.Rc4 Rb6
37.Kd4 Kd8 38.Rc5 Ra6 39.Kc4 Ne3+ 40.Kxb4 Kc7 41.Kc3 Kb6 42.Kd4 Nf5+ 43.Ke4 Ra1
44.Rc4 Rh1 45.Rb4+ Kc7 46.Nc5 Kd8 47.Rb8+  1/2-1/2

[Event "TSIM"]
[Site "Belgrade YUG"]
[Date "2001.08.17"]
[Round "2"]
[White "Furhoff,J"]
[Black "Divljan,I"]
[Result "1/2-1/2"]
[WhiteElo "2281"]
[BlackElo "2192"]

1.e4 c5 2.Nf3 e6 3.d4 cxd4 4.Nxd4 Nc6 5.Nc3 Qc7 6.Be3 a6 7.Bd3 Nf6 8.O-O Ne5
9.h3 Bc5 10.Qd2 d6 11.f4 Ng6 12.Rae1 O-O 13.Nb3 Bxe3+ 14.Qxe3 b5 15.e5 dxe5
16.fxe5 Nd7 17.Bxg6 hxg6 18.Nd4 Bb7 19.Nd1 Rad8 20.c3 Nb6 21.a3 Nc4 22.Qf2 Qc5
23.b4 Qe7 24.Qf4 Nxa3 25.Nf2 f5 26.exf6 Rxf6 27.Qg3 Qd6 28.Qxd6 Rxd6 29.Ng4 Rxf1+
30.Kxf1 Nc4 31.Rxe6 Rxe6 32.Nxe6 Nd2+ 33.Ke2 Nb1 34.Kd3 Bxg2 35.Nf2 Bb7 36.Kd4 Bc8
37.Ng5 Kf8 38.Nfe4 Ke7 39.h4 Na3 40.Nd2  1/2-1/2

[Event "Rubinstein Open"]
[Site "Polanica Zdroj POL"]
[Date "2001.08.17"]
[Round "2"]
[White "Balcerak,J"]
[Black "Grabarska,B"]
[Result "0-1"]
[WhiteElo "2415"]
[BlackElo "2253"]

1.e4 c5 2.Nf3 e6 3.d4 cxd4 4.Nxd4 Nc6 5.Nc3 Qc7 6.Be2 a6 7.O-O Nf6 8.Be3 Be7
9.f4 d6 10.a4 O-O 11.Kh1 Bd7 12.Nb3 b6 13.g4 Bc8 14.g5 Nd7 15.Bf3 Bb7 16.Bg2 Rfe8
17.Rf3 Bf8 18.Rh3 g6 19.Qe1 Nb4 20.Nd4 e5 21.Qh4 h5 22.Nde2 Nxc2 23.f5 Ne1
24.Ng3 Bg7 25.Nxh5 gxh5 26.Qxh5 f6 27.Qh7+ Kf8 28.Rh6 Qc4 29.Nd5 Bxd5 30.gxf6 Nxf6
31.Rxf6+ Bf7  0-1

[Event "Rubinstein Open"]
[Site "Polanica Zdroj POL"]
[Date "2001.08.17"]
[Round "2"]
[White "Babaev,Ra"]
[Black "Dobrowolski,A"]
[Result "1-0"]
[WhiteElo "2361"]
[BlackElo "2222"]

1.e4 c5 2.Nf3 e6 3.d4 cxd4 4.Nxd4 Nc6 5.Nc3 Qc7 6.Be2 a6 7.O-O Nf6 8.Kh1 Nxd4
9.Qxd4 Bc5 10.Qd3 b5 11.f4 Bb7 12.Bf3 h5 13.e5 Ng4 14.Bxb7 Qxb7 15.Ne4 Be7
16.Be3 Rc8 17.c3 h4 18.h3 Nh6 19.a4 Nf5 20.Bf2 Rc4 21.axb5 Rxe4 22.bxa6 Qa8
23.b4 Rxf4 24.b5 Rxf2 25.Rxf2 Bc5 26.Rb2 Qa7 27.Qf3 O-O 28.Qb7 Rb8 29.Qxa7 Bxa7
30.b6 Rxb6 31.Rxb6 Bxb6 32.a7 Ng3+ 33.Kh2 Nf1+ 34.Rxf1 Bxa7 35.Rb1 Bf2 36.Rb8+ Kh7
37.Rb7 Bg3+ 38.Kg1 Bxe5 39.Rxd7 Bxc3 40.Rxf7 Bf6 41.Kf2 Kg6 42.Rf8 Kf5 43.Kf3 Ke5
44.Kg4 Ke4 45.Ra8 Ke5 46.Ra1 Kd5 47.Rd1+ Ke5 48.Re1+ Kd5 49.Kh5 Kd6 50.Kg6 Ke7
51.Re4 e5 52.Kf5 Kf7 53.Ra4 Ke7 54.Ra6 Kf7 55.Ra7+ Kf8 56.Ke6 Kg8 57.Ra8+ Kh7
58.Kf5 e4 59.Re8 e3 60.Rxe3 Bd8 61.Re4 g6+ 62.Ke6 Kg7 63.Rd4 Bg5 64.Rd7+ Kg8
65.Rd5 Be3 66.Rd7 Bg5 67.Rb7  1-0

[Event "Lost Boys Open"]
[Site "Amsterdam NED"]
[Date "2001.08.18"]
[Round "8"]
[White "Bezemer,A"]
[Black "Handke,F"]
[Result "1/2-1/2"]
[WhiteElo "2296"]
[BlackElo "2384"]

1.e4 c5 2.Nf3 Nc6 3.d4 cxd4 4.Nxd4 e6 5.Nc3 Qc7 6.Be3 a6 7.Qd2 Nf6 8.f3 Ne5
9.O-O-O Bb4 10.Nb3 b5 11.Bd4 Bb7 12.Qg5 Ng6 13.Bxf6 gxf6 14.Qxf6 Rc8 15.Qd4 Bxc3
16.bxc3 O-O 17.Kb2 Rfd8 18.Bd3 d5 19.exd5 Bxd5 20.Qf6 Ne5 21.Nc5 Ng6 22.Bxg6 hxg6
23.Rd4 Qxc5 24.Rh4 Qxc3+ 25.Qxc3 Rxc3 26.Kxc3 a5 27.a3 e5 28.Rd1 Rc8+ 29.Kb2 Rc5
30.Rd3 a4 31.Rc3 Bc4 32.Rcxc4 bxc4 33.Kc3 f5 34.Rxc4 Ra5 35.Rc7 Rd5 36.Ra7 Rd4
37.Ra5 Rh4 38.h3 e4 39.fxe4 Rxe4 40.Kd3 Rf4 41.Re5 Rf1 42.Re3 Ra1 43.Kd4 Ra2
44.c4 Rxg2 45.c5 Rc2 46.Kd5 Kf7 47.Kd6 Kf6 48.c6 f4 49.Re6+ Kf5 50.Re5+ Kf6
51.Rd5 f3 52.Rd3 f2 53.Rf3+ Kg5 54.c7 Rd2+ 55.Kc6 Rc2+ 56.Kd6 Rd2+ 57.Kc6 Rc2+
58.Kb6 Rb2+ 59.Ka6 Rc2 60.Kb6 Rb2+ 61.Kc6  1/2-1/2

[Event "Lost Boys Open"]
[Site "Amsterdam NED"]
[Date "2001.08.18"]
[Round "8"]
[White "Sinz,B"]
[Black "Krnic,Z"]
[Result "0-1"]
[WhiteElo "2188"]
[BlackElo "2389"]

1.e4 c5 2.Nf3 Nc6 3.d4 cxd4 4.Nxd4 e6 5.Nc3 a6 6.Nxc6 bxc6 7.Bd3 d5 8.O-O Nf6
9.Re1 Bb7 10.e5 Nd7 11.Na4 Qc7 12.Bf4 c5 13.c4 d4 14.b3 f5 15.Nb2 Be7 16.Bf1 h5
17.Qd2 Qd8 18.Qc2 g5 19.Bd2 Qc7 20.b4 cxb4 21.c5 Qxc5 22.Nc4 Nb6 23.Bxb4 Qxb4
24.Rab1 Qc3 25.Qxc3 dxc3 26.Rxb6 Bd5 27.Ne3 Bxa2 28.Ra1 f4 29.Rxa2 fxe3 30.fxe3 Bc5
31.Rxe6+ Kd7 32.Bc4 Rhb8 33.Rh6 Bxe3+ 34.Kf1 Rb2 35.Rxb2 cxb2 36.Ba2 h4 37.Ke2 Bf4
38.Rh7+ Kc6 39.e6 Re8 40.Kd3 Rxe6  0-1

[Event "WJun"]
[Site "Athens GRE"]
[Date "2001.08.18"]
[Round "3"]
[White "Collins,S"]
[Black "Mastrovasilis,D"]
[Result "0-1"]
[WhiteElo "2194"]
[BlackElo "2435"]

1.e4 c5 2.Nf3 e6 3.d4 cxd4 4.Nxd4 Nc6 5.Nc3 Qc7 6.f4 a6 7.Nxc6 Qxc6 8.Bd3 b5
9.Qe2 Bb7 10.Bd2 Rc8 11.O-O Bc5+ 12.Kh1 Ne7 13.a3 O-O 14.Rf3 f5 15.Raf1 Bd4
16.e5 Rf7 17.Nd1 g5 18.Be3 Bxe3 19.Nxe3 gxf4 20.Rxf4 Rg7 21.Qf2 Ng6 22.Be4 Qxe4
23.Rxe4 Bxe4 24.Qe1 Nxe5 25.Qa5 Nc4 26.Nxc4 Bxg2+ 27.Kg1 Bxf1+ 28.Kxf1 bxc4
29.Qxa6 Rf8 30.Kf2 Rg4 31.Qd6 Rf7 32.a4 c3 33.b4 Rfg7 34.Qb8+ Kf7 35.Qc7 Rd4
36.a5 Rd2+ 37.Kf3 Rgg2 38.a6 Rgf2+ 39.Kg3 f4+ 40.Kg4 Kg6 41.Qc5 Rxc2 42.a7 d5
43.h3 h5+ 44.Kh4 Rg2 45.Qxc3 Rxc3 46.a8=Q Rgg3 47.Qe8+ Kf6 48.Kxh5 Rg5+ 49.Kh4 Rcg3
50.Qd8+ Kf5 51.Qf8+ Ke4 52.Qc8 Rg6 53.Qc2+ Ke5 54.Qc7+ Kf5 55.Qf7+ Ke4 56.Kh5 R3g5+
57.Kh4 Rg2 58.Kh5 f3 59.h4 f2 60.b5 e5 61.b6 Rg7  0-1

[Event "I American Continental"]
[Site "Cali COL"]
[Date "2001.08.18"]
[Round "9"]
[White "Ivanov,AV"]
[Black "Vescovi,G"]
[Result "1/2-1/2"]
[WhiteElo "2573"]
[BlackElo "2581"]

1.e4 c5 2.Nf3 e6 3.d4 cxd4 4.Nxd4 Nc6 5.Nc3 Qc7 6.g3 a6 7.Bg2 Nf6 8.O-O d6
9.Re1 Nd7 10.b3 Be7 11.Bb2 O-O 12.Nce2 Nxd4 13.Nxd4 b5 14.a4 bxa4 15.Rxa4 Bb7
16.Ra2 Bf6 17.Ne2 Rfd8 18.Nf4 Be5 19.Nd3  1/2-1/2

[Event "WJun"]
[Site "Athens GRE"]
[Date "2001.08.19"]
[Round "4"]
[White "Gagunashvili,M"]
[Black "Shaposhnikov,E"]
[Result "1-0"]
[WhiteElo "2444"]
[BlackElo "2519"]

1.e4 c5 2.Nf3 Nc6 3.d4 cxd4 4.Nxd4 e6 5.Nc3 Qc7 6.Be3 Nf6 7.Bd3 a6 8.O-O Ne5
9.h3 Bc5 10.Kh1 d6 11.f4 Nxd3 12.cxd3 b5 13.Qd2 O-O 14.Rac1 Qb6 15.Nce2 b4
16.Nc2 Bxe3 17.Nxe3 Qb8 18.f5 Bd7 19.Ng4 Nxg4 20.hxg4 d5 21.f6 Qe5 22.Ng3 dxe4
23.Nxe4 Rfc8 24.Rce1 Bc6 25.Rf5 exf5 26.Qg5 Kf8 27.Qxg7+ Ke8 28.Nd6+ Kd7
29.Rxe5 Kxd6 30.Rxf5 Bd5 31.Qg5 Rc5 32.d4 Rb5 33.Qf4+ Kd7 34.Re5  1-0

[Event "Rubinstein Open"]
[Site "Polanica Zdroj POL"]
[Date "2001.08.19"]
[Round "4"]
[White "Averjanov,A"]
[Black "Dobrowolski,A"]
[Result "1-0"]
[WhiteElo "2338"]
[BlackElo "2222"]

1.e4 c5 2.Nf3 e6 3.d4 cxd4 4.Nxd4 Nc6 5.Nc3 Qc7 6.Be3 a6 7.Bd3 Nf6 8.O-O Nxd4
9.Bxd4 Bc5 10.Bxc5 Qxc5 11.Qe1 d6 12.Kh1 e5 13.f4 Be6 14.a4 O-O 15.fxe5 Qxe5
16.Qh4 Qh5 17.Qxh5 Nxh5 18.a5 Nf6 19.Be2 Rfd8 20.Rfd1 Ng4 21.Bxg4 Bxg4 22.Rd4 Bh5
23.Nd5 Kf8 24.Nb6 Rab8 25.Kg1 f6 26.Ra3 Be8 27.Rad3 Bc6 28.Kf2 Bb5 29.Rd2 Bc6
30.Nc4 Re8 31.Nxd6 Red8 32.b4 g6 33.Ke3 Ke7 34.g3 Ke6 35.Nc4  1-0

[Event "Rubinstein Open"]
[Site "Polanica Zdroj POL"]
[Date "2001.08.19"]
[Round "4"]
[White "Szajda,M"]
[Black "Blimke,D"]
[Result "0-1"]
[WhiteElo "2102"]
[BlackElo "2206"]

1.e4 c5 2.Nf3 e6 3.d4 cxd4 4.Nxd4 Nc6 5.Nc3 Qc7 6.Be2 a6 7.O-O Nf6 8.Kh1 Nxd4
9.Qxd4 Bc5 10.Qd3 b5 11.a3 Bb7 12.f4 h5 13.Be3 Be7 14.Bf3 Ng4 15.Bd2 Rc8
16.h3 Qc5 17.Qe2 g6 18.Bxg4 hxg4 19.Qxg4 a5 20.f5 Qd4  0-1

[Event "Rubinstein Open"]
[Site "Polanica Zdroj POL"]
[Date "2001.08.20"]
[Round "5"]
[White "Czarnota,D"]
[Black "Piotrowski,L"]
[Result "0-1"]
[WhiteElo "2069"]
[BlackElo "2121"]

1.e4 c5 2.Nf3 e6 3.d4 cxd4 4.Nxd4 Nc6 5.Nc3 Qc7 6.Be2 a6 7.O-O Nf6 8.Kh1 Be7
9.f4 d6 10.a4 O-O 11.Be3 Re8 12.Bf3 Na5 13.Qe1 Nc4 14.Bc1 Qb6 15.Nb3 e5 16.Be2 Qc6
17.f5 b6 18.Bg5 Nxb2 19.Bxf6 Bxf6 20.Nd5 Bd8  0-1

[Event "ch-FRA Women"]
[Site "Marsailles FRA"]
[Date "2001.08.21"]
[Round "9"]
[White "Franc,N"]
[Black "Te Llalemand,R"]
[Result "0-1"]
[WhiteElo "2103"]
[BlackElo "2347"]

1.e4 c5 2.Nf3 Nc6 3.d4 cxd4 4.Nxd4 e6 5.Nc3 Qc7 6.Be3 a6 7.Be2 Nf6 8.O-O Bb4
9.Bd3 Nxd4 10.Bxd4 e5 11.Be3 Bxc3 12.bxc3 h6 13.c4 d6 14.h3 Be6 15.Rb1 O-O
16.Qe2 Rfc8 17.f4 Bxc4 18.fxe5 Ne8 19.exd6 Nxd6 20.Bf4 Qc5+ 21.Be3 Qe5 22.Bf4 Qd4+
23.Qf2 Qxf2+ 24.Rxf2 Ne8 25.Rxb7 Bxa2 26.e5 Bd5 27.Rb6 a5 28.Bc1 Nc7 29.Ba3 Be6
30.Rc6 Nd5 31.Rxc8+ Rxc8 32.Be4 a4 33.Bxd5 Bxd5 34.Rd2 Be6 35.Kf2 Kh7 36.Ke1 Rc3
37.Bb2 Re3+ 38.Re2 a3 39.Ba1 Rg3 40.Kf2 Rg5 41.Re4 Bd5 42.Rg4 Rf5+ 43.Ke2 h5
44.Rg3 a2 45.e6 Bxe6 46.Ra3 Bc4+ 47.Ke3 Rf1 48.Bd4 Rg1 49.Ra4 Be6 50.Ra5 Rxg2
51.Rxh5+ Kg6 52.Ra5 Rxc2 53.h4 Kh7 54.Rh5+ Kg8 55.Rg5 Rc1 56.Ra5 Rh1 57.h5 Kh7
58.Kf4 Kh6 59.Bc3 Rh4+ 60.Ke3 Rh3+ 61.Kd4 Rxh5  0-1

[Event "Rubinstein Open"]
[Site "Polanica Zdroj POL"]
[Date "2001.08.21"]
[Round "6"]
[White "Zhigalko,A"]
[Black "Jaracz,P"]
[Result "1/2-1/2"]
[WhiteElo "2400"]
[BlackElo "2521"]

1.e4 c5 2.Nf3 e6 3.d4 cxd4 4.Nxd4 Nc6 5.Nc3 Qc7 6.g3 a6 7.Bg2 d6 8.O-O Bd7
9.Re1 Be7 10.Nxc6 Bxc6 11.Qg4 h5 12.Qe2 h4 13.a4 hxg3 14.hxg3 Rc8 15.Bf4 e5
16.Be3 Nf6 17.Rad1 Qd7 18.f4 Qg4 19.Qf3 Qg6 20.f5 Qg4 21.Qxg4 Nxg4 22.Bb6 Nf6
23.Bf1 g6 24.fxg6 fxg6 25.b3 Bd8  1/2-1/2

[Event "Rubinstein Open"]
[Site "Polanica Zdroj POL"]
[Date "2001.08.21"]
[Round "6"]
[White "Krzesaj,R"]
[Black "Goj,A"]
[Result "1/2-1/2"]
[WhiteElo "2073"]
[BlackElo "2280"]

1.e4 c5 2.Nf3 e6 3.d4 cxd4 4.Nxd4 Nc6 5.Nc3 Qc7 6.Be3 a6 7.Bd3 Nf6 8.O-O b5
9.Nxc6 Qxc6 10.f3 b4 11.Ne2 Bc5 12.Qd2 Qb6 13.Bxc5 Qxc5+ 14.Kh1 Bb7 15.Rac1 O-O
16.c3 a5 17.Rfd1 Rfc8 18.Qf4 e5 19.Qg3 Qe7 20.Qh4 Rc5 21.c4 Nd5 22.Qf2 Nc7
23.Ng3 g6 24.Nf1 Ne6 25.Ne3 Nd4 26.Qg3 Kf8 27.Re1 Ne6 28.Nd5 Bxd5 29.exd5 Nf4
30.Bf1 Rac8 31.Rcd1 d6 32.Qf2 f5 33.Qd2 Rb8  1/2-1/2

[Event "Rubinstein Open"]
[Site "Polanica Zdroj POL"]
[Date "2001.08.21"]
[Round "6"]
[White "Rupik,M"]
[Black "Blimke,D"]
[Result "0-1"]
[WhiteElo "2103"]
[BlackElo "2206"]

1.e4 c5 2.Nf3 e6 3.d4 cxd4 4.Nxd4 Nc6 5.Nc3 Qc7 6.g3 a6 7.Bg2 d6 8.O-O Bd7
9.a4 Nf6 10.Nxc6 Bxc6 11.Bf4 Be7 12.Re1 O-O 13.e5 dxe5 14.Bxe5 Qc8 15.Ne4 Nxe4
16.Bxe4 Bxe4 17.Rxe4 Rd8 18.Qe2 Rd7 19.Qg4 Bf8 20.Re2 Qc6  0-1

[Event "TSIM"]
[Site "Belgrade YUG"]
[Date "2001.08.22"]
[Round "6"]
[White "Stankovic,Ma"]
[Black "Divljan,I"]
[Result "0-1"]
[WhiteElo "2259"]
[BlackElo "2192"]

1.e4 c5 2.Nf3 e6 3.d4 cxd4 4.Nxd4 Nc6 5.Nc3 Qc7 6.Be2 a6 7.O-O Nf6 8.Kh1 Nxd4
9.Qxd4 Bc5 10.Qd3 b5 11.f4 h5 12.e5 Ng4 13.Bf3 Bb7 14.Bxb7 Qxb7 15.Ne4 Be7
16.Bd2 h4 17.Rae1 h3 18.Qf3 hxg2+ 19.Kxg2 Rxh2+ 20.Kg1 O-O-O 21.Qxg4 Rdh8
22.b4 Qd5 23.Qf3 R8h3 24.Qd1 Bh4 25.Re2 Qd4+ 26.Nf2 Bxf2+ 27.Rexf2 Rh1+ 28.Kg2 R3h2+
29.Kg3 Rxf2  0-1